000 00850nam a2200265Ia 4500
003 OSt
005 20220930083019.0
006 a|||||r|||| 00| 0
007 ta
008 220926b |||||||| |||| 00| 0 eng d
024 _a72061
037 _cTheses
040 _aCRL
_cCRL
_beng
041 _2eng
_aeng
100 _aKaushik Karuna
110 _aUniversity of Delhi. Faculty of Social Sciences. Department of History
245 0 _aImpact of the Russian revolution (1917) on Indian natioalism-a case study of three leaders
260 _c1982
300 _a438p.
_ap.
_ccm.
650 _aHISTORY
700 _a Supervisor : Prof. P. S. Gupta
_9533428
700 _aUniversity of Delhi. Faculty of Social Sciences. Department of History
942 _cDIS
_2CC
999 _c874428
_d874428